000
00304nam a22001337a 4500
008
170223b xxu||||| |||| 00| 0 eng d
020
_a
0890043620
041
_a
eng
080
_a
617
100
_a
5
101
_a
SHK
245
_a
CLINICAL MANAGEMENT PITUITARY DISORDERS
_c
TINDALL.G.T
942
_2
udc
_c
BK
999
_c
6160
_d
6160